| 000 | 00914 a2200193 4500 | ||
|---|---|---|---|
| 003 | Nust | ||
| 005 | 20220819114118.0 | ||
| 020 | _a1402080832 | ||
| 040 | _cNust | ||
| 082 | _a621.38456,BIG | ||
| 100 |
_aBiglieri,Ezio _997123 |
||
| 245 |
_aCoding for wireless channels / _cEzio Biglieri |
||
| 260 |
_aUSA _bSpringer _c2005 |
||
| 300 | _axiv,427p | ||
| 440 |
_ainformation technology transmission processing and storage _995628 |
||
| 505 | _aTour d horizon (Page-1), Channel models for digital transmission (Page-19), Coding in a signal space (Page-37), Fading channels (Page-83), Trellis representation of codes (Page-125), Coding on a trellis convolutional codes (Page-157), Trellis coded modulation (Page-187), Codes on graphs (Page-235), LDPC and turbo codes (Page-273), Multiple antennas (Page-301), Notations and acronyms (Page-421). | ||
| 650 |
_acoding for wireless channels _998244 |
||
| 942 |
_cREF _2ddc |
||
| 999 |
_c212441 _d212441 |
||